LEADER 02047nam 2200361 n 450 001 996390260903316 005 20200818224443.0 035 $a(CKB)4940000000101958 035 $a(EEBO)2248568220 035 $a(UnM)99840340e 035 $a(UnM)99840340 035 $a(EXLCZ)994940000000101958 100 $a19910211d1596 uy | 101 0 $aeng 135 $aurbn||||a|bb| 200 00$aAstrolabium vranicum generale$b[electronic resource] $eA necessary and pleasaunt solace and recreation for nauigators in their long iorneying, containing the vse of an instrument or generall astrolabe: newly for them deuised by the author, to bring them skilfully acquainted with all the planets starres, and constellacions of the heauens ... In which, agreeable to the hipothesis of Nicolaus Copernicus, the starry firmament is appointed perpetually fixed and the earth and his horizons continually mouing from west towards the east once about euery 24 houres. Fraught also by new deuise with all such necessary supplements for iudiciall astrology, as Alkabitius & Claudius Dariottus haue deliuered by their tables. Wherevnto for their further delight he hath anexed another inuention, expressing in one face the whole globe terrestriall; with the two great english voyages lately performed round about the world. Compyled by Iohn Blagraue of Reading Gentleman, the same wellwiller to the mathematicks. Anno. 1596 210 $a[London] $cPrinted by Thomas Purfoot, for William Matts$d[1596] 215 $a[68] p 300 $aSignatures: A-H? I² . 300 $aRunning title reads: The vranicall astrolabe. 300 $aReproduction of the original in the Library of Congress. 330 $aeebo-0078 606 $aAstrolabes$vEarly works to 1800 615 0$aAstrolabes 700 $aBlagrave$b John$fd. 1611.$01005255 801 0$bCu-RivES 801 1$bCu-RivES 801 2$bCStRLIN 801 2$bWaOLN 906 $aBOOK 912 $a996390260903316 996 $aAstrolabium vranicum generale$92382569 997 $aUNISA LEADER 04533nam0 22005771i 450 001 UON00060714 005 20231205102305.700 100 $a20020107g19541956 |0itac50 ba 101 $aara 102 $aEG 105 $a|||| 1|||| 200 1 $aˆal-‰Musnad$fAhmad ibn Muhammad Ibn Hanbal$g[a cura di] Ahmad Muhammad Sakir 210 $aal-Qahira$cDar al-Ma'arif$d1373-1375h [1954-1956] 215 $a15 v.$d25 cm 316 $av. 3 già inv. R 43938$5IT-UONSI ARAVIIAC/010 (3) 316 $av. 4 già inv. R 43938$5IT-UONSI ARAVIIAC/010 (4) 316 $av. 5 già inv. R 43938$5IT-UONSI ARAVIIAC/010 (5) 316 $av. 6 già inv. R 43938$5IT-UONSI ARAVIIAC/010 (6) 316 $av. 7 già inv. R 43938$5IT-UONSI ARAVIIAC/010 (7) 316 $av. 8 già inv. R 43938$5IT-UONSI ARAVIIAC/010 (8) 316 $av. 9 già inv. R 43938$5IT-UONSI ARAVIIAC/010 (9) 316 $av. 10 già inv. R 43938$5IT-UONSI ARAVIIAC/010 (10) 316 $av. 11 già inv. R 43938$5IT-UONSI ARAVIIAC/010 (11) 316 $av. 12 già inv. R 43938$5IT-UONSI ARAVIIAC/010 (12) 316 $av. 13 già inv. R 43938$5IT-UONSI ARAVIIAC/010 (13) 316 $av. 15 già inv. R 58646$5IT-UONSI ARAVIIAC/010 (15) 620 $aEG$dIl Cairo$3UONL000377 686 $aARA VII AC$cPAESI ARABI - FILOSOFIA E RELIGIONE - ISLAM - HADITH$2A 700 1$aIBN HANBAL$bAhmad ibn Muhammad$3UONV002317$0637233 702 1$aSAKIR$bAhmad Muhammad$3UONV031513 712 $aDar al-ma'arif$3UONV254434$4650 790 0$aAHMAD Ibn Hanbal$zIBN HANBAL, Ahmad ibn Muhammad$3UONV043450 801 $aIT$bSOL$c20240220$gRICA 912 $aUON00060714 950 $aSIBA - SISTEMA BIBLIOTECARIO DI ATENEO$dSI ARA VII AC 010 (1) $eSI MR 43571 7 010 (1) 950 $aSIBA - SISTEMA BIBLIOTECARIO DI ATENEO$dSI ARA VII AC 010 (2) $eSI MR 43938 7 010 (2) 950 $aSIBA - SISTEMA BIBLIOTECARIO DI ATENEO$dSI ARA VII AC 010 (14) $eSI MR 58646 7 010 (14) 950 $aSIBA - SISTEMA BIBLIOTECARIO DI ATENEO$dSI ARA VII AC 010 (3) $eSI SA 118613 7 010 (3) v. 3 già inv. R 43938 950 $aSIBA - SISTEMA BIBLIOTECARIO DI ATENEO$dSI ARA VII AC 010 (4) $eSI SA 118614 7 010 (4) v. 4 già inv. R 43938 950 $aSIBA - SISTEMA BIBLIOTECARIO DI ATENEO$dSI ARA VII AC 010 (5) $eSI SA 118615 7 010 (5) v. 5 già inv. R 43938 950 $aSIBA - SISTEMA BIBLIOTECARIO DI ATENEO$dSI ARA VII AC 010 (6) $eSI SA 118616 7 010 (6) v. 6 già inv. R 43938 950 $aSIBA - SISTEMA BIBLIOTECARIO DI ATENEO$dSI ARA VII AC 010 (7) $eSI SA 118617 7 010 (7) v. 7 già inv. R 43938 950 $aSIBA - SISTEMA BIBLIOTECARIO DI ATENEO$dSI ARA VII AC 010 (8) $eSI SA 118618 7 010 (8) v. 8 già inv. R 43938 950 $aSIBA - SISTEMA BIBLIOTECARIO DI ATENEO$dSI ARA VII AC 010 (9) $eSI SA 118619 7 010 (9) v. 9 già inv. R 43938 950 $aSIBA - SISTEMA BIBLIOTECARIO DI ATENEO$dSI ARA VII AC 010 (10) $eSI SA 118620 7 010 (10) v. 10 già inv. R 43938 950 $aSIBA - SISTEMA BIBLIOTECARIO DI ATENEO$dSI ARA VII AC 010 (11) $eSI SA 118621 7 010 (11) v. 11 già inv. R 43938 950 $aSIBA - SISTEMA BIBLIOTECARIO DI ATENEO$dSI ARA VII AC 010 (12) $eSI SA 118622 7 010 (12) v. 12 già inv. R 43938 950 $aSIBA - SISTEMA BIBLIOTECARIO DI ATENEO$dSI ARA VII AC 010 (13) $eSI SA 118623 7 010 (13) v. 13 già inv. R 43938 950 $aSIBA - SISTEMA BIBLIOTECARIO DI ATENEO$dSI ARA VII AC 010 (15) $eSI SA 118624 7 010 (15) v. 15 già inv. R 58646 996 $aMusnad$91166417 997 $aUNIOR